La religión surrealista: conferencias 1947-1948

Uloženo v:
Podrobná bibliografie
Hlavní autor: Bataille, Georges
Médium: Kniha
Jazyk:španělština
Vydáno: Buenos Aires, Argentina Las Cuarenta 2008
Vydání:Primera edición
Edice:Mitma, 4
Témata:
Tagy: Přidat tag
Žádné tagy, Buďte první, kdo vytvoří štítek k tomuto záznamu!

MARC

LEADER 00000cam a2200000 a 4500
001 UCF4548
003 CL-VaPUC
005 20210903074417.0
008 121213e20080000AG |||||||||||||||||spa|d
999 |c 350308  |d 350306 
020 |a 9789871501014 
040 |c Pontificia Universidad Católica de Valparaíso 
082 0 4 |a 194 BAT 2008  |2 21 
100 1 |a Bataille, Georges  |9 566088 
245 1 3 |a La religión surrealista:  |b  conferencias 1947-1948 
250 |a Primera edición 
260 3 |a Buenos Aires, Argentina  |b Las Cuarenta  |c 2008 
300 |a 148 páginas 
490 0 |a Mitma,  |v  4 
583 |a last modification  |c 20121213 11:07:00  |k Rodrigo Vera 
650 0 |a Filosofía francesa   |9 255698 
650 0 |a Filósofos franceses  |9 314621 
650 0 |a Surrealismo  |9 265502 
942 |c BK  |2 ddc 
945 |d 20121213 00:00:00  |a dcastane 
952 |0 0  |1 0  |4 0  |6 194_000000000000000_BAT_2008  |7 0  |8 A  |9 453579  |a BIBART  |b BIBART  |d 2019-11-22  |i 4933036  |o 194 BAT 2008  |p 4933036  |r 2025-03-13  |w 2019-11-22  |y BK  |k ART 
952 |0 0  |1 0  |2 ddc  |4 0  |6 194_000000000000000_BAT_2008  |7 0  |8 R  |9 561673  |a BIBART  |b BIBART  |d 2020-03-18  |e 4  |g 14000.00  |i 5574269  |o 194 BAT 2008  |p 5574269  |r 2025-03-13  |t 2  |v 14000.00  |w 2020-03-18  |y BK  |k ART